Nursing theories: (Record no. 4207)

MARC details
000 -LEADER
fixed length control field 00624nam a22001937a 4500
003 - CONTROL NUMBER IDENTIFIER
control field OSt
005 - DATE AND TIME OF LATEST TRANSACTION
control field 20250822075740.0
008 - FIXED-LENGTH DATA ELEMENTS--GENERAL INFORMATION
fixed length control field 250822b |||||||| |||| 00| 0 eng d
020 ## - INTERNATIONAL STANDARD BOOK NUMBER
International Standard Book Number 0-8385-7056-9
040 ## - CATALOGING SOURCE
Transcribing agency OC
082 ## - DEWEY DECIMAL CLASSIFICATION NUMBER
Classification number Circ. 610.7301 N938 1995
100 ## - MAIN ENTRY--PERSONAL NAME
Personal name George, J.
245 ## - TITLE STATEMENT
Title Nursing theories:
Remainder of title the base for professional nursing practice
260 ## - PUBLICATION, DISTRIBUTION, ETC.
Place of publication, distribution, etc. U.S.A. :
Name of publisher, distributor, etc. Printice Hall,
Date of publication, distribution, etc. c1995.
300 ## - PHYSICAL DESCRIPTION
Extent ix, 469 pages ;
Dimensions 23 cm.
504 ## - BIBLIOGRAPHY, ETC. NOTE
Bibliography, etc. note Includes index.
650 ## - SUBJECT ADDED ENTRY--TOPICAL TERM
Source of heading or term Nursing. Philosophy.
942 ## - ADDED ENTRY ELEMENTS (KOHA)
Source of classification or shelving scheme Dewey Decimal Classification
Koha item type Book Circulation
Edition 4th edition
Classification part Circ. 610.7301 N938 1995
Call number prefix Circ.
Suppress in OPAC No
952 ## - LOCATION AND ITEM INFORMATION (KOHA)
--
952 ## - LOCATION AND ITEM INFORMATION (KOHA)
--
Holdings
Withdrawn status Lost status Source of classification or shelving scheme Damaged status Not for loan Home library Current library Shelving location Date acquired Source of acquisition Cost, normal purchase price Total Checkouts Full call number Barcode Date last seen Copy number Price effective from Koha item type Uniform Resource Identifier
    Dewey Decimal Classification     HM & Nursing Library HM & Nursing Library Circulation 08/26/2004 School Fund 350.00   Circ. 610.7301 N938 1995 CL41014 08/22/2025 c3 08/22/2025 BK-CIRC
    Dewey Decimal Classification     HM & Nursing Library HM & Nursing Library Circulation 08/26/2004 School Fund 350.00   Circ. 610.7301 N938 1995 CL14013 08/22/2025 c2 08/22/2025 BK-CIRC